Évtizedek óta a vártán

Bibliographic Details
Main Authors: Boross, Zoltán, 1906-1998 (Author), Balassa, Zoltán, 1949- (Author)
Format: Article
Language:Hungarian
PhysicalDescription:Fotogr. 1
Subjects:

MARC

LEADER 00000nab a2200000 a 4500
001 vtls000608745
003 SK-MaSNL
005 20260319074635.0
008 160321c1996 xo 0 hun
015 |a SNBRB19rr/mm-uuuuu 
035 |a CL0608884 
040 |a SNKBUCL  |b slo  |c SNKBUCL  |e AACR2 
041 0 |a hun 
044 |a xo  |c SK 
080 |a 34-051  |2 1981 
080 |a 07-051  |2 1981 
100 1 |a Boross, Zoltán,  |d 1906-1998  |4 aut  |9 890561 
245 1 0 |a Évtizedek óta a vártán  |c Zoltán Boross, Zoltán Balassa 
300 |b Fotogr. 1 
600 1 7 |a Boross, Zoltán  |d 1906-  |x zakladateľ hnutia Sarló - rozhovory  |2 snkbucl  |9 995108 
650 0 7 |a Boross, Zoltán  |2 snkbucl  |9 941294 
651 7 |a 5309  |2 snkbucl  |9 279317 
655 7 |a články z novín a časopisov  |2 snkbucl  |9 267496 
700 1 |a Balassa, Zoltán,  |d 1949-  |4 aut  |9 502859 
773 0 |t Szabad újság  |g Roč. 4, č. 51-52 (1996), s. 24 
850 |a Slovenská národná knižnica v Martine  |a DSG001 
852 |a SNK  |b KIS3GCP 
958 |a HU 
958 |a BC 
958 |a SK 
958 |a RK 
958 |a RBX 
999 |c 1605018  |d 1606948